[Event "Canarias-chT"]
[Site "San Cristobal de La Laguna"]
[Date "2017.06.25"]
[Round "6.2"]
[White "Rodriguez Falcon, David"]
[Black "Perez Garcia, Saul"]
[Result "0-1"]
[WhiteElo "1786"]
[BlackElo "1755"]
[PlyCount "56"]
[EventDate "2017.06.22"]
[EventType "team-swiss"]
[EventRounds "6"]
[EventCountry "ESP"]
[SourceTitle "EXT 2024"]
[Source "ChessBase"]
[SourceDate "2023.10.10"]
[SourceVersion "1"]
[SourceVersionDate "2023.10.10"]
[SourceQuality "1"]
[WhiteTeam "Roque Niquiomo"]
[BlackTeam "Ebano Casa Venezuela II"]
[WhiteTeamCountry "ESP"]
[BlackTeamCountry "ESP"]

1. d4 Nf6 2. e3 g6 3. Nf3 Bg7 4. b3 0-0 5. Bb2 d5 6. Be2 c5 7. c3 Nc6 8. dxc5 Ne4 9. Nd4 Nxc5 10. Nd2 e5 11. Nxc6 bxc6 12. 0-0 Rb8 13. c4 Na4 14. Ba3 Nc3 15. Qe1 Re8 16. Bb2 e4 17. Bd1 d4 18. exd4 Bxd4 19. Kh1 Bb7 20. Bc2 c5 21. Nb1 Nxb1 22. Rxb1 Qg5 23. Bxd4 cxd4 24. Rg1 d3 25. Bd1 e3 26. fxe3 Rxe3 27. Qf1 Rh3 28. Qe1 Qf4 0-1